| 000 | 00650nam a2200217 u 4500 | ||
|---|---|---|---|
| 005 | 20210223131759.0 | ||
| 008 | 120704s2005 r 000 0 eng d | ||
| 020 | _a9806915143 | ||
| 035 | _aUPN01000185691 | ||
| 049 | _aI | ||
| 050 | 4 |
_aLB3621 _bR3.2 |
|
| 100 | 1 | _aRamírez, Carol | |
| 245 | 1 | 0 |
_aAbrebocas periodístico / _cCarol Ramírez ; il. Mario Morales. |
| 260 |
_aColombia : _bEl Nacional, _cc2005. |
||
| 300 |
_a31 p. : _bil. col. |
||
| 440 | 0 |
_aBrújula de papel. _pLengua y literatura ; _v19 |
|
| 650 | 4 |
_aPERIODISMO ESTUDIANTIL _94883 |
|
| 650 | 4 |
_aLITERATURA INFANTIL VENEZOLANA _912650 |
|
| 905 | _aInfantil | ||
| 999 |
_c157794 _d157794 |
||